1614 1189 1134 1465 1482 1841 1222 1919 1358 1139 1927 1631 1479 1196 1648 1416 1751 1721 1878 1262 1209 1233 1245 1816 1204 1663 1633 1770 1455 1162 1664 1364 1184 1300 1271 1422 1665 1912 1807 1513 1682 1142 1470 1427 1877 1027 1168 1956 1476 1415 1819 1228 1492 1394 1867 1310 1083 1864 1364 1478 1881 1782 1897 1402 1995 1119 1653 1297 1487 1444 1598 1902 1207 1234 1055 1814 1217 1986 1333 1486 1203 1140 1954 1002 1127 1793 1201 1406 1459 1981 1352 1452 1389 1683 1825 1049 1775 1886 1627 BCNSPRNW ULIB Ver.6.0+V

เปลี่ยนเป็นภาษาไทย

Change to English
 แสดงรายละเอียดบรรณานุกรม
  กลับหน้าหลัก

Brief Record : Get Marc (ISO 2709) : E-mail record : QR code < ปิดหน้าต่าง
LEADER : 00000nam 2200000uu 4500
001    13399126278
003     ULIB
008    020711s2560 th a 000 0 tha d
020    ^a9786164380028
060    ^aWV250^bห618ห
100    ^aขวัญชนก ยิ้มแต้
245    ^aหูชั้นใน=The Inner Ear
260    ^aขอนแก่น :^bภาควิชาโสต ศอ นาสิกวิทยา คณะแพทยศาสตร์ มหาวิทยาลัยขอนแก่น,^c2560
650    ^aหู
650    ^aหูชั้นใน
650    ^aหู--โรค--การรักษา
945    ^p0^l0^i004486
945    ^p300^l0^i004484
945    ^p0^l0^i004485
945    ^p300^l0^i005106
945    ^p300^l0^i005104
945    ^p300^l0^i005105
999    ^aประนอม เกษจรัล
รายการนี้ยังไม่มีแท็ก
คุณยังไม่ได้ล็อกอิน คุณสามารถมีกิจกรรมร่วมกับเว็บไซต์ได้ แต่ต้องล็อกอินก่อน ::
  ล็อกอิน

รายการสื่อสารสนเทศ

ลำดับที่ ประเภท เลขเรียก/บาร์โค้ด สถานที่ สถานะ
1. วิทยาศาสตร์การแพทย์ และสุขภาพ
หนังสือสำรอง
สถานะ=หนังสือสำรอง
WV250 ห618ห ฉ.1 
  Barcode: 004484
ห้องสมุดวิทยาเขตสวรรค์ประชารักษ์
►หนังสือทั่วไป
บนชั้น
2. วิทยาศาสตร์การแพทย์ และสุขภาพ
วิทยาศาสตร์การแพทย์ และสุขภาพ
WV250 ห618ห ฉ.2 
  Barcode: 004485
ห้องสมุดวิทยาเขตสวรรค์ประชารักษ์
►หนังสือทั่วไป
บนชั้น
3. วิทยาศาสตร์การแพทย์ และสุขภาพ
วิทยาศาสตร์การแพทย์ และสุขภาพ
WV250 ห618ห ฉ.3 
  Barcode: 004486
ห้องสมุดวิทยาเขตสวรรค์ประชารักษ์
►หนังสือทั่วไป
บนชั้น
4. วิทยาศาสตร์การแพทย์ และสุขภาพ
วิทยาศาสตร์การแพทย์ และสุขภาพ
WV250 ห618ห ฉ.4 
  Barcode: 005104
ห้องสมุดวิทยาเขตสวรรค์ประชารักษ์
►หนังสือทั่วไป
บนชั้น
5. วิทยาศาสตร์การแพทย์ และสุขภาพ
วิทยาศาสตร์การแพทย์ และสุขภาพ
WV250 ห618ห ฉ.5 
  Barcode: 005105
ห้องสมุดวิทยาเขตสวรรค์ประชารักษ์
►หนังสือทั่วไป
บนชั้น
6. วิทยาศาสตร์การแพทย์ และสุขภาพ
วิทยาศาสตร์การแพทย์ และสุขภาพ
WV250 ห618ห ฉ.6 
  Barcode: 005106
ห้องสมุดวิทยาเขตสวรรค์ประชารักษ์
►หนังสือทั่วไป
บนชั้น

รายการใกล้เคียง
    ชื่อเรื่อง [หูชั้นใน=The Inner Ear]

    หัวเรื่อง [หู]
    หัวเรื่อง [หูชั้นใน]
    หัวเรื่อง [หู--โรค--การรักษา]

BibComment


ยังไม่เคยถูกคอมเมนท์

คอมเมนท์ทรัพยากรรายการนี้
  คอมเมนท์: หูชั้นในThe Inne..


 Copyright 2026. Bcnsprnw @Library